000 00280nam a22001337a 4500
008 210426b ||||| |||| 00| 0 eng d
041 _aeng
080 _a94
082 _a94
100 _a16
101 _aSHH
245 _aProfiles in Enthology
_cService,E.R
942 _2udc
_cBK
999 _c56728
_d56728